000
00226nam a2200097Ia 4500
008
240331s9999 xx 000 0 und d
082
_b
ASH
100
_a
Asheroft, B
245
0
_a
Key concepts in post colonial studies
942
_c
L
999
_c
2548
_d
2548